Lecciones fundamentales de Filosofía

Gespeichert in:
Bibliographische Detailangaben
1. Verfasser: Letelier Widow, Gonzalo (autor)
Format: Buch
Sprache:Spanisch
Veröffentlicht: Santiago, Chile: Ediciones Universidad Santo Tomás, 2012.
Ausgabe:Primera edición
Schlagworte:
Tags: Tag hinzufügen
Keine Tags, Fügen Sie den ersten Tag hinzu!

MARC

LEADER 00000cam a2200000 a 4500
001 UCF8984
003 CL-VaPUC
005 20240823125121.0
008 131018e20121200cl |||||||||||||||||spa|d
999 |c 353481  |d 353479 
020 |a 978-956-7946-17-4 
040 |c Pontificia Universidad Católica de Valparaíso 
082 0 4 |a 101  |b LET  |2 21 
100 |a Letelier Widow, Gonzalo  |e autor  |9 571132 
245 1 0 |a Lecciones fundamentales de Filosofía 
250 |a Primera edición 
260 |a Santiago, Chile:  |b Ediciones Universidad Santo Tomás,  |c 2012. 
300 |a 227 páginas 
583 |a last modification  |c 20131018 14:00:00  |k Rodrigo Vera 
650 0 |a Filosofía   |9 223554  |x Tomismo  |x Sociología 
650 0 |a Metafísica  |9 265649  |x Teología natural 
650 0 |a Teología natural  |9 266548  |x Dios 
942 |c BK  |2 ddc 
945 |d 20131018 14:00:00  |a dcastane 
952 |0 0  |1 0  |3 erb  |4 0  |6 101_000000000000000_LET_2012  |7 0  |8 A  |9 458736  |a BIBTEO  |b BIBTEO  |d 2019-11-23  |i 5018765  |l 2  |o 101 LET 2012  |p 5018765  |r 2025-01-17  |s 2024-08-23  |w 2019-11-23  |y BK  |z Catalogado en:20131018  |k ICR 
952 |0 0  |1 0  |3 erb  |4 0  |6 101_000000000000000_LET_2012  |7 0  |8 A  |9 458737  |a BIBEDU  |b BIBEDU  |d 2019-11-23  |i 5018773  |l 1  |m 1  |o 101 LET 2012  |p 5018773  |r 2023-05-03  |s 2023-04-12  |w 2019-11-23  |y BK  |z Catalogado en:20131018  |k FIL